书目信息 |
| 题名: |
引导式教育专业人员业务考核指南
|
|
| 作者: | ;中国残联社会服务指导中心 , 广东省残疾人康复中心 主编 | |
| 分册: | ||
| 出版信息: | 北京 华夏出版社 2020.01 |
|
| 页数: | 83页 | |
| 开本: | 26cm | |
| 丛书名: | ||
| 单 册: | ||
| 中图分类: | G764 | |
| 科图分类: | ||
| 主题词: | 小儿疾病--xiao er ji bing--脑瘫--儿童教育--特殊教育--资格考试--自学参考资料 | |
| 电子资源: | ||
| ISBN: | 978-7-5080-9769-5 | |
| 000 | 01554nam0 2200277 450 | |
| 001 | 0104125646 | |
| 005 | 20201104125714.0 | |
| 010 | @a978-7-5080-9769-5@dCNY49.00 | |
| 100 | @a20200713d2020 em y0chiy50 ea | |
| 101 | 0 | @achi |
| 102 | @aCN@b110000 | |
| 105 | @ay z 000yy | |
| 106 | @ar | |
| 200 | 1 | @a引导式教育专业人员业务考核指南@Ayin dao shi jiao yu zhuan ye ren yuan ye wu kao he zhi nan@dExamination guide on conductive education practice for conductive education professional practitioners@f中国残联社会服务指导中心, 广东省残疾人康复中心主编@zeng |
| 210 | @a北京@c华夏出版社@d2020.01 | |
| 215 | @a83页@d26cm | |
| 300 | @a脑瘫儿童引导式教育项目系列长江新里程计划 | |
| 304 | @a中国残联长江新里程计划项目办公室、中国康复科学所、中国康复研究中心、首都医科大学康复医学院组织编写 | |
| 330 | @a本书记录了脑瘫儿童引导式教育上岗考核的考核人员与考生的选择标准、各阶段流程安排、各环节考核标准等事项。内容包括筹备考核、实施考核、评分与公布结果等,解释了相关原则,为推动引导式教育的职业化奠定了基础,也为其他省份开展“引导员上岗考核”提供了依据和标准。 | |
| 510 | 1 | @aExamination guide on conductive education practice for conductive education professional practitioners@zeng |
| 606 | 0 | @a小儿疾病@Axiao er ji bing@x脑瘫@x儿童教育@x特殊教育@x资格考试@j自学参考资料 |
| 690 | @aG764@v5 | |
| 711 | 02 | @a中国残联社会服务指导中心@Azhong guo can lian she hui fu wu zhi dao zhong xin@4主编 |
| 711 | 02 | @a广东省残疾人康复中心@Aguang dong sheng can ji ren kang fu zhong xin@4主编 |
| 801 | 0 | @aCN@bBJSZM@c20201104 |
| 905 | @b1261938-41@dG764@e162@f4 | |
| 引导式教育专业人员业务考核指南=Examination guide on conductive education practice for conductive education professional practitioners/中国残联社会服务指导中心, 广东省残疾人康复中心主编.-北京:华夏出版社,2020.01 |
| 83页;26cm |
| 脑瘫儿童引导式教育项目系列长江新里程计划 |
| ISBN 978-7-5080-9769-5:CNY49.00 |
| 本书记录了脑瘫儿童引导式教育上岗考核的考核人员与考生的选择标准、各阶段流程安排、各环节考核标准等事项。内容包括筹备考核、实施考核、评分与公布结果等,解释了相关原则,为推动引导式教育的职业化奠定了基础,也为其他省份开展“引导员上岗考核”提供了依据和标准。 |
| ● |
| 相关链接 |
|
|
|
|
正题名:引导式教育专业人员业务考核指南
索取号:G764/162
 
预约/预借
| 序号 | 登录号 | 条形码 | 馆藏地/架位号 | 状态 | 备注 |
| 1 | 1261938 | 212619380 | 第一样本阅览室/ [索取号:G764/162] | 在馆 | |
| 2 | 1261939 | 212619399 | 教育系资料室/ [索取号:G764/162] | 在馆 | |
| 3 | 1261940 | 212619406 | 教育系资料室/ [索取号:G764/162] | 在馆 | |
| 4 | 1261941 | 212619415 | 第四借阅区/ [索取号:G764/162] | 在馆 |